Slavery, Capitalism and the Industrial Revolution (Record no. 1848113)

MARC details
000 -LEADER
fixed length control field 00480 a2200181 4500
005 - DATE AND TIME OF LATEST TRANSACTION
control field 20260410103339.0
008 - FIXED-LENGTH DATA ELEMENTS--GENERAL INFORMATION
fixed length control field 260410b |||||||| |||| 00| 0 eng d
020 ## - INTERNATIONAL STANDARD BOOK NUMBER
International Standard Book Number 9781509552702
040 ## - CATALOGING SOURCE
Transcribing agency SDCL
041 ## - LANGUAGE CODE
Source of code eng
Language code of text/sound track or separate title eng
084 ## - COLON CLASSIFICATION NUMBER
Classification number X9.3'M R5
100 ## - MAIN ENTRY--PERSONAL NAME
Personal name Berg, Maxine
245 ## - TITLE STATEMENT
Title Slavery, Capitalism and the Industrial Revolution
260 ## - PUBLICATION, DISTRIBUTION, ETC.
Name of publisher, distributor, etc. Polity Press,
Date of publication, distribution, etc. 2023.
Place of publication, distribution, etc. UK :
300 ## - PHYSICAL DESCRIPTION
Extent ix, 288p.
700 ## - ADDED ENTRY--PERSONAL NAME
Personal name Hudson, Pat
942 ## - ADDED ENTRY ELEMENTS (KOHA)
Koha item type Textual
Source of classification or shelving scheme Colon Classification (CC)
100 ## - MAIN ENTRY--PERSONAL NAME
-- 1234590
700 ## - ADDED ENTRY--PERSONAL NAME
-- 1234591
999 ## -
-- 1848113
-- 1848113
Holdings
Withdrawn status Lost status Source of classification or shelving scheme Damaged status Not for loan Home library Current library Date acquired Source of acquisition Cost, normal purchase price Inventory number Total checkouts Full call number Barcode Date last seen Cost, replacement price Price effective from Koha item type
    Colon Classification (CC)     South Campus Library South Campus Library 2026-04-08 30 1435.44 145 & 30/12/2025   X9.3'M R5 SC1691981 2026-04-08 1794.30 2026-04-08 Textual
Copyright @ Delhi University Library System